000 00388nam a22001577a 4500
005 20240709153456.0
008 240709b sa ||||| |||| 00| 0 eng d
020 _a9781409117643
040 _c3228
082 _aEF VANL
100 _aVAN LUSTBADER, Eric
245 _aThe bourne Legacy
260 _aLondon
_bOrion Book Ltd
_c2005
300 _a529 pages
_c19 cm
942 _2ddc
_cBOOK
_w190
_xDudu Mondlane
_y190
_zDudu Mondlane
999 _c765263
_d765262